Cuba between reform and revolution (Registro nro. 68973)

Detalles MARC
000 -ENCABEZADO
Número de control [NR] 01097nam a22002657a 4500
008 - DE LONGITUD FIJA DE DATOS DE ELEMENTOS - INFORMACIÓN GENERAL
Elementos de longitud fija [NR] 130821s2011 xxuaob gr eng
020 ## - NUMERO INTERNACIONAL NORMALIZADO PARA LIBROS [R]
Número Internacional Normalizado del libro [NR] 9780195392968
040 ## - FUENTE DE CATALOGACION [NR]
Agencia de catalogación original [NR] Co-BoUCM
Idioma de catalogación [NR] spa
041 00 - CODIGO DE IDIOMA [R]
Código de idioma para texto/pista de sonido o título separado [R] Inglés
100 1# - ASIENTO PRINCIPAL--NOMBRE PERSONAL [NR]
Nombre personal [NR] Pérez, Louis A.
Títulos u otras palabras asociadas al nombre [R] Jr.
Fechas asociadas con el nombre [NR] 1943-
ID Autoridad 167284
245 10 - MENCION DE TITULO [NR]
Título [NR] Cuba between reform and revolution
Mención de responsabilidad, etc. [NR] Louis A. Pérez, Jr
250 ## - MENCION DE EDICION [NR]
Mención de edición [NR] 4th ed.
260 ## - PUBLICACION, DISTRIBUCION, ETC. (PIE DE IMPRENTA) [R]
Lugar de publicación, distribución, etc. [R] Nueva York (Estados Unidos)
Nombre del editor, distribuidor, etc. [R] Oxford University Press
Fecha de publicación, distribución, etc. [R] 2011
300 ## - DESCRIPCION FISICA [R]
Extensión [R] xvi, 461 páginas
Otros detalles físicos [NR] ilustraciones, fotografías, mapas
504 ## - NOTA DE BIBLIOGRAFIA, ETC. [R]
Nota de bibliografía, etc. [NR]
650 04 - ASIENTO SECUNDARIO DE MATERIA - TERMINO TEMATICO [R]
Término temático o nombre geográfico como elemento de entrada [NR] Ciencia política
9 (RLIN) 340
650 04 - ASIENTO SECUNDARIO DE MATERIA - TERMINO TEMATICO [R]
Término temático o nombre geográfico como elemento de entrada [NR] Historia de América
9 (RLIN) 16931
650 04 - ASIENTO SECUNDARIO DE MATERIA - TERMINO TEMATICO [R]
Término temático o nombre geográfico como elemento de entrada [NR] Nacionalismo
Subdivisión general [R] Historia
Subdivisión geográfica [R] Cuba
Fechas del evento [NR] 1959-
9 (RLIN) 20063
650 04 - ASIENTO SECUNDARIO DE MATERIA - TERMINO TEMATICO [R]
Término temático o nombre geográfico como elemento de entrada [NR] Reforma política
Subdivisión general [R] Historia
Subdivisión geográfica [R] Cuba
Fechas del evento [NR] 1959-
9 (RLIN) 23297
651 #4 - ASIENTO SECUNDARIO DE MATERIA - NOMBRE GEOGRAFICO [R]
Nombre geográfico [NR] Cuba
Subdivisión general [R] Historia
Subdivisión cronológica [R] Revolución, 1959
9 (RLIN) 53343
651 #4 - ASIENTO SECUNDARIO DE MATERIA - NOMBRE GEOGRAFICO [R]
Nombre geográfico [NR] Cuba
Subdivisión general [R] Política y gobierno
-- 1959-
9 (RLIN) 68463
856 4# - LOCALIZACION Y ACCESO ELECTRONICOS [R]
Nota dirigida al público [R] Consulte la tabla de contenido haciendo clic aquí
Identificador Uniforme del Recurso (“URI”) [R] <a href="http://www.loc.gov/catdir/enhancements/fy1010/2010001607-t.html">http://www.loc.gov/catdir/enhancements/fy1010/2010001607-t.html</a>
942 ## - ELEMENTOS DE ENTRADA AGREGADOS (KOHA)
Tipo de ítem principal el descrito en 300a Libro
Tema principal Historia
Edición 4
Parte restante de la signatura top. P944
Sistema de clasificación DEWEY
Clasificación 972.91064
Existencias
Fecha de último préstamo Total préstamos Total Renewals Signatura topográfica Código de barras Última vez visto Volúmen / Fascículo Ejemplar Price effective from Tipo de ítem Perdido Sistema de clasificación Dañado No prestable Tipo de ítem específico Suprimido Ubicación habitual Ubicación actual Localización Fecha de creación Forma de adquisición Costo
21/10/2019 20 8 972.91064 P944 100109976 10/12/2025 4a. Ed. Ej.1 03/02/2013 Libro   DEWEY     Libro   Claustro Claustro 2do piso 28/02/2010 Compra 66431.00